Tính toán thực hành cấu kiện bê tông cốt thép theo tiêu chuẩn TCXDVN 356 - 2005
Tập 1 trình bày việc tính toán các cấu kiện chịu moomen uốn và lực cắt.
Saved in:
| Main Author: | |
|---|---|
| Format: | Book |
| Language: | Undetermined |
| Published: |
Hà Nội
Xây dựng
2011
|
| Subjects: | |
| Tags: |
Add Tag
No Tags, Be the first to tag this record!
|
| Institutions: | Trung tâm Học liệu Trường Đại học Cần Thơ |
|---|
| LEADER | 00806nam a2200205Ia 4500 | ||
|---|---|---|---|
| 001 | CTU_179854 | ||
| 008 | 210402s9999 xx 000 0 und d | ||
| 020 | |c 40000 | ||
| 082 | |a 693.54 | ||
| 082 | |b C455/T.1 | ||
| 100 | |a Nguyễn, Đình Cống | ||
| 245 | 0 | |a Tính toán thực hành cấu kiện bê tông cốt thép theo tiêu chuẩn TCXDVN 356 - 2005 | |
| 245 | 0 | |c Nguyễn Đình Cống | |
| 260 | |a Hà Nội | ||
| 260 | |b Xây dựng | ||
| 260 | |c 2011 | ||
| 520 | |a Tập 1 trình bày việc tính toán các cấu kiện chịu moomen uốn và lực cắt. | ||
| 650 | |a Reinforced Concrete Structures,Kết cấu bê tông cốt thép | ||
| 904 | |i Sony, Đan Thy | ||
| 980 | |a Trung tâm Học liệu Trường Đại học Cần Thơ | ||